000 01426nam a2200289Ia 4500
999 _c55069
_d55069
001 22144
003 GE_BSU
005 20221202114356.0
008 181216s ||||ge |||||||||||||| ||geo||
020 _a9789941235498
040 _cGE_BSU
041 _ageo
080 _a821.353.1-31 ტ-92
100 _aტურაშვილი, დათო
_91369
245 _aსხვა ამსტერდამი :
_bინტერნეტრომანი /
_cდათო ტურაშვილი ; რედაქტორი ნინო გოგალაძე ; დიზაინერები : ია მახათაძე, გიორგი კევლიშვილი.
264 _aთბილისი :
_bბაკურ სულაკაურის გამ-ბა,
_c2015.
300 _a306 გვ. ;
_c20 სმ.
541 _h9ლ.60თ.
653 _aრომანი
653 _aსხვა ამსტერდამი
653 _aინტერნეტრომანი
653 _aქართული მხატვრული ლიტერატურა
700 _aგოგალაძე, ნინო
_eრედაქტორი
_912334
700 _aმახათაძე, ია
_eდიზაინერი
_95299
700 _aკევლიშვილი, გიორგი
_eდიზაინერი
_911748
942 _cBK
_2udc